| 000 | 00546nam a22001695i 4500 | ||
|---|---|---|---|
| 001 | 54248 | ||
| 003 | ES-MaACL | ||
| 007 | t| | ||
| 008 | 960716s1863 fr ||||1| fre d | ||
| 040 |
_aCAM _bspa _cCAM |
||
| 100 | 1 |
_aFlachat, Eugène. _951091 |
|
| 245 | 1 | 4 |
_aLes chemins de fer en 1862 et en 1863 / _cpar Eugène Flachat. |
| 260 |
_aParis : _blibrairie de L. Hachette et Cie., _c1863 ( _fimprimerie de Ch. Lahure) |
||
| 300 |
_a[4], 304 p., [6] h. de grab. ; _c22 cm. |
||
| 650 | 1 | 4 |
_aFerrocarriles- _yS.XIX. _912763 |
| 852 |
_aES-MaACL _jG-11874 |
||
| 999 |
_c54248 _d54248 |
||